[Event "Høstturneringen 2016 (Follo 20 år)"]
[Site "Ås, Akershus NOR"]
[Date "2016.11.17"]
[Round "3"]
[White "Furnes, Torstein"]
[Black "Lange, Holger"]
[Result "0-1"]
[WhiteElo "1610"]
[BlackElo "1624"]
[Annotator "Furnes, Torstein"]
[PlyCount "58"]
[EventDate "2016.09.01"]

1. d4 Nf6 2. c4 e6 3. Nc3 Bb4 4. Qc2 c5 5. dxc5 Nc6 6. a3 Bxc5 7. Nf3 d5 8.
cxd5 Nxd5 9. e3 O-O 10. Bd3 h6 11. O-O Nxc3 12. Qxc3 Be7 13. Rd1 Qc7 14. Rb1
Bd7 15. b4 Bf6 16. Qb3 Rfd8 17. Bb2 Bxb2 18. Rxb2 Ne5 19. Nxe5 Qxe5 20. Rbd2
Rac8 21. Bc4 Qc7 22. Rd4 Bc6 23. Qd3 $6 $15 Rxd4 24. Qxd4 $4 $19 {Tapstrekket.}
Ba4 $1 25. Be2 Bxd1 26. Qxd1 ({Etter} 26. Bxd1 {kunne svart fått en elegant
avslutning med} Rd8 27. Qa1 Qc3 $1 28. Qxc3 Rxd1+ 29. Qe1 Rxe1#) 26... Qc1 27.
Kf1 Qxa3 28. Qd4 Qc1+ 29. Bd1 Qc4+ 0-1

[Event "Høstturneringen 2016 (Follo 20 år)"]
[Site "Ås, Akershus NOR"]
[Date "2016.09.22"]
[Round "3"]
[White "Lea, Per"]
[Black "Bø, Martin"]
[Result "1-0"]
[WhiteElo "1533"]
[BlackElo "1191"]
[Annotator "Lea, Per"]
[PlyCount "65"]
[EventDate "2016.09.01"]

1. e4 c5 2. Nf3 d6 3. d4 cxd4 4. Nxd4 Nf6 5. Nc3 g6 6. f4 Nc6 7. Nxc6 bxc6 8.
Be2 Bg7 9. Be3 O-O 10. O-O Rb8 11. Rb1 Qa5 12. a3 Rd8 13. Qc1 d5 (13... Ng4 14.
b4 Qc7 15. Bxg4 Bxg4 16. Qd2 $17) 14. b4 Qc7 15. e5 Ng4 $6 (15... d4 16. exf6
exf6 17. Bf2 dxc3 18. Qe3 Bf5) (15... Ne8 16. Bd4 Nd6 17. Bc5 Nf5 18. Bd3) 16.
Bd4 Nh6 17. Bd3 Nf5 18. Bc5 d4 19. Ne4 Ne3 20. Re1 Bf5 21. c3 Bxe4 22. Bxe4 Nf5
23. Bxf5 gxf5 24. Bxd4 a5 25. Qe3 axb4 26. axb4 Kh8 27. Ra1 Rb7 28. Ra6 Qc8 29.
Rea1 Qe6 30. Qf3 Rc8 31. Ra8 Rbb8 32. Rxb8 Rxb8 33. Ra6 1-0

[Event "Høstturneringen 2016 (Follo 20 år)"]
[Site "Ås, Akershus NOR"]
[Date "2016.09.22"]
[Round "3"]
[White "Midtgard, Anders"]
[Black "Fuglseth, Jan"]
[Result "0-1"]
[WhiteElo "1105"]
[BlackElo "1478"]
[Annotator "Lea, Per"]
[PlyCount "136"]
[EventDate "2016.09.01"]

1. e4 e6 2. d4 d5 3. Nd2 c5 4. c3 Qb6 5. Ngf3 Bd7 6. Bd3 Nc6 7. dxc5 Bxc5 8.
O-O Nf6 9. Qe2 O-O 10. e5 Ne8 11. Bxh7+ {Et klassisk løperoffer som varmer
ethvert sjakkhjerte. Stockfish vurderer stillingen som vunnet for hvit, men
dessverre fant ikke Anders den rette fortsettelsen.} Kxh7 12. Ng5+ Kg6 (12...
Kg8 13. Qh5 {med forsert matt som svart bare kan utsette ved å ofre et helt
lass med ved.}) 13. Qg4 $2 {Fristende og intuitivt, men en stor feil fordi
svart får inn en trussel mot hvits dronning.} ({Den rette fortsettelsen var:} 
13. Ndf3 Rh8 {På alle andre trekk får hvit inn en drepende springersjakk på h4.
} ({F. eks.:} 13... f5 14. Nh4+ Kh6 15. Nf7+ Kh7 16. Qh5+ Kg8 17. Ng5 Nf6 18.
exf6 Rxf6 19. Qh7+ Kf8 20. Qh8+ Ke7 21. Qxg7+ Kd8 22. Qxf6+ Kc8)) 13... Nxe5
14. Qg3 f6 15. Nxe6+ Kf7 16. Nxf8 Kxf8 17. Kh1 Ng4 18. Qh4 (18. Kg1 {dekker f2
en ekstra gang og unngår kvalitetstap: slag på f2 gir bare et avbytte av 2
lette offiserer mot tårn og bonde.}) 18... Nxf2+ 19. Rxf2 Bxf2 20. Qb4+ Qxb4
21. cxb4 {Med en lett offiser over, har svart en vunnet stilling.} Be3 22. Nf3
Bxc1 23. Rxc1 Rc8 24. Rxc8 Bxc8 25. Kg1 Ke7 26. Kf2 Nd6 27. b3 Bf5 28. Ke3 Nb5
29. a4 Nd6 30. Kd4 Ke6 31. Kc5 Ne4+ 32. Kb5 Kd6 33. Nd4 Nc3+ 34. Ka5 Ke5 35.
Nf3+ Ke4 36. b5 Na2 37. h3 d4 38. Nd2+ Ke3 39. Nc4+ Ke2 40. g4 Be4 41. Nb2 d3
42. b6 a6 43. b4 d2 44. b5 Bd3 45. bxa6 Bxa6 46. h4 d1=Q 47. Nxd1 Kxd1 48. g5
fxg5 49. hxg5 Nc3 50. g6 Ne2 51. Kb4 Nf4 52. a5 Nxg6 53. Kc5 Nf4 54. Kd4 Ke2
55. Ke5 Ke3 56. Kf5 g6+ 57. Kf6 Ke4 58. Kg5 Ke5 59. Kg4 Ne6 60. Kh3 Nd4 61. Kg4
Kf6 62. Kf4 Nb3 63. Ke3 Nxa5 64. Kf4 Nc4 65. Kf3 Nxb6 66. Ke3 Nd5+ 67. Ke4 Ke6
68. Kf3 b5 0-1

[Event "Høstturneringen 2016 (Follo 20 år)"]
[Site "Ås, Akershus NOR"]
[Date "2016.09.30"]
[Round "3"]
[White "Bakken, Svein-Erik"]
[Black "Simonsen, Steinar"]
[Result "1-0"]
[WhiteElo "1347"]
[BlackElo "1272"]
[PlyCount "68"]
[EventDate "2016.09.01"]

1. d4 f5 2. Bg5 Nc6 3. c4 d5 4. e3 Nf6 5. Bxf6 gxf6 6. Qh5+ Kd7 7. Qxf5+ e6 8.
Qc2 Qe7 9. cxd5 exd5 10. Bb5 a6 11. Bxc6+ bxc6 12. Nc3 Bb7 13. Nge2 Bh6 14. Na4
Qb4+ 15. Nec3 Rae8 16. Nc5+ Kc8 17. Qf5+ Kb8 18. O-O Ka7 19. Nxb7 Qxb7 20. Rab1
Bg7 21. Na4 Qc8 22. Qxc8 Rxc8 23. Rfc1 Kb7 24. Rc2 Rcd8 25. Rbc1 Rd6 26. b4 f5
27. g3 Rg8 28. Kf1 h5 29. h4 Bf6 30. Nc5+ Ka7 31. Nd3 Re8 32. Rxc6 Rxc6 33.
Rxc6 Bd8 34. Rh6 Re6 1-0

[Event "Høstturneringen 2016 (Follo 20 år)"]
[Site "Ås, Akershus NOR"]
[Date "2016.09.22"]
[Round "3"]
[White "Rønbeck, Bjørn"]
[Black "Sandvik, Sander"]
[Result "1-0"]
[WhiteElo "1122"]
[BlackElo "1127"]
[Annotator "Lea, Per"]
[PlyCount "57"]
[EventDate "2016.09.01"]

1. c4 f5 2. Nc3 e5 3. e4 d6 4. Nf3 Nf6 5. d3 Be7 6. Bg5 c6 7. Bxf6 Bxf6 8. d4
exd4 9. Nxd4 Qb6 10. Nxf5 Bxf5 11. exf5 Qxb2 12. Ne4 Bc3+ 13. Nxc3 Qxc3+ 14.
Ke2 O-O 15. f3 Re8+ 16. Kf2 Qe3+ 17. Kg3 Re4 18. Bd3 Rd4 19. Re1 Qxd3 20. Re8+
Kf7 21. Qe1 Qxf5 22. Qe7+ Kg6 23. Qe2 Qf4+ 24. Kf2 Rd2 25. Re6+ Kf5 $4 {Fra
klar vinst (+10 i følge Stockfish) for svart til forsert matt i 6 trekk for
hvit!} 26. g4+ Kg5 27. h4+ Kxh4 28. Rh1+ Kg5 29. Rh5# 1-0

[Event "Høstturneringen 2016 (Follo 20 år)"]
[Site "Ås, Akershus NOR"]
[Date "2016.09.22"]
[Round "3"]
[White "Lange, Magnus Øyvind"]
[Black "Garmark, Vegard"]
[Result "0-1"]
[WhiteElo "843"]
[BlackElo "1201"]
[Annotator "Lea, Per"]
[PlyCount "38"]
[EventDate "2016.09.01"]

1. e4 e5 2. Nf3 Nf6 3. d3 Nc6 4. Bg5 Be7 5. Nc3 h6 6. Bh4 d6 7. Be2 Be6 8. d4
exd4 9. Nxd4 Bd7 10. Bxf6 Bxf6 11. Bc4 {Som det står som en fotnote på hvits
noteringsskjema: "Rørte løperen på e2 også rørt brikke må flyttes". Ja, ja.
Sjakk er en brutal sport, det er det flere som kan underskrive på etter at vi
har gjort tabber som overgår denne. Og det er sikkert sånn Tromsøs spillere
følte det etter å ha ledet 1-0 over RBK etter 90 minutter i cupens kvartfinale
på onsdag, for så oppleve at de får et mål mot seg på overtid, dominerer
ekstraomgangene - og taper på straffesparkkonkurranse.} Nxd4 12. Qh5 Be6 13.
Nd5 {Ofte kan det lønne seg å gå "all in", men her faller korthuset sammen.}
Nxc2+ 14. Kd2 Nxa1 15. Nxf6+ Qxf6 16. Qb5+ Bd7 17. Qxb7 Qxf2+ 18. Kc3 O-O 19.
Rxa1 Rab8 0-1

[Event "Høstturneringen 2016 (Follo 20 år)"]
[Site "Ås, Akershus NOR"]
[Date "2016.09.29"]
[Round "4"]
[White "Støle, Andreas"]
[Black "Ruud, Kjetil"]
[Result "1-0"]
[WhiteElo "1595"]
[BlackElo "1446"]
[PlyCount "57"]
[EventDate "2016.09.01"]

1. d4 Nc6 2. Nf3 e6 3. e4 d5 4. Nbd2 dxe4 5. Nxe4 f5 6. Nc3 a6 7. Bc4 b5 8. Bb3
Na5 9. O-O Nxb3 10. axb3 Bd6 11. Nxb5 Nf6 12. Re1 O-O 13. Nxd6 cxd6 14. Ng5 Re8
15. Qd3 h6 16. Nh3 g5 17. c4 Qc7 18. Bd2 Bb7 19. d5 Qd7 20. Bc3 e5 21. f3 Nh5
22. Nf2 Nf4 23. Qe3 Rf8 24. g3 Nh3+ 25. Nxh3 f4 26. Qe4 Qxh3 27. Qg6+ Kh8 28.
Qxd6 fxg3 29. Qxe5+ 1-0

[Event "Høstturneringen 2016 (Follo 20 år)"]
[Site "Ås, Akershus NOR"]
[Date "2016.09.29"]
[Round "4"]
[White "Kielland-Lund, Jon"]
[Black "Moberg, Jan Rune"]
[Result "1/2-1/2"]
[WhiteElo "1500"]
[BlackElo "1503"]
[Annotator "Kielland-Lund,Jon"]
[PlyCount "111"]
[EventDate "2016.09.01"]

1. c4 d6 2. d4 Nd7 3. Nf3 e5 4. e3 Be7 5. Nc3 c6 6. Be2 Ngf6 7. dxe5 dxe5 8.
O-O O-O 9. b3 Qc7 10. Qc2 Nc5 11. Bb2 Bg4 12. e4 {Her kunne hvit vunnet bonde
med Sxe5, men det er ikke så lett å se...} Rfe8 13. Rfd1 Rad8 14. Rxd8 Rxd8 15.
Rd1 Rxd1+ 16. Bxd1 Ne6 17. Na4 Nd7 18. Qd2 h6 19. Be2 b6 20. Qd1 Nf4 21. Kf1
Qd6 22. Qxd6 Bxd6 23. Ng1 Be6 24. g3 Nxe2 25. Kxe2 {med klar fordel svart} b5
26. cxb5 cxb5 27. Nc3 a6 28. f3 Bc5 29. Kf1 f5 30. Kg2 Bd6 31. exf5 Bxf5 32.
Ne4 Be7 33. Ne2 Kf7 34. g4 Be6 35. N2g3 g6 36. Kf2 Bd5 37. Ke3 Ke6 38. Bc3 b4
39. Bd2 a5 40. Kd3 g5 {Hvit har omsider utlignet} 41. Be3 Bc6 42. Kc4 a4 43.
Bc5 Bd5+ 44. Kxb4 axb3 45. axb3 Bxc5+ 46. Nxc5+ Nxc5 47. Kxc5 Bxb3 48. Ne4 Bd1
49. Nd2 Bc2 50. h3 Bd1 51. Kc6 Ba4+ 52. Kc5 Bc2 53. Ne4 Bd1 54. Nd2 Be2 55. Kc6
Bd3 56. Kc5 {og vi ble enig om remis} 1/2-1/2

[Event "Høstturneringen 2016 (Follo 20 år)"]
[Site "Ås, Akershus NOR"]
[Date "2016.09.29"]
[Round "4"]
[White "Johnson, David"]
[Black "Furnes, Torstein"]
[Result "1-0"]
[WhiteElo "1443"]
[BlackElo "1610"]
[Annotator "Furnes, Torstein"]
[PlyCount "105"]
[EventDate "2016.09.01"]

1. e4 c5 2. Nc3 Nc6 3. f4 d6 4. Bc4 Nf6 5. Nf3 Bg4 6. Bb5 a6 7. h3 axb5 8. hxg4
b4 9. Nd5 Nxe4 10. g5 Ng3 11. Rh3 Nf5 12. c3 e6 13. Qe2 bxc3 14. dxc3 Nfe7 15.
Ne3 Ng6 16. Nd5 Be7 17. Nxe7 Qxe7 18. a3 d5 19. b4 cxb4 20. cxb4 Nxb4 21. Bb2
Nxf4 22. Qb5+ Nc6 23. Bxg7 Nxh3 24. Bxh8 Nxg5 25. Nxg5 Qxg5 26. Qxb7 Qe3+ 27.
Kf1 Qd3+ 28. Kg1 Qa6 29. Qb1 f5 30. Qe1 Kd7 31. Bf6 Qd3 32. Qh4 Qe3+ 33. Kh1 h6
34. Re1 Qd2 35. Qg3 {Svart begynner nå å få tidsnød. Begge spillerne gjør
endel overseelser som gir ganske sterke svingninger i Fritz-evalueringen de
neste trekkene.} f4 $2 $11 ({Svart må spille} 35... Rg8 $1 36. Qxg8 Qxe1+ 37.
Kh2 $19 {for å beholde fordelen.}) 36. Qg7+ Kd6 $2 $18 (36... Kc8 $16) 37. Be5+
$6 $11 (37. Bc3 $1 $18) 37... Kc5 38. Bc3 Qf2 $2 $18 (38... Qc2 $11) 39. Rc1
Kb6 40. Rb1+ Kc5 41. Rc1 (41. Bb4+ $18 Nxb4 (41... Kc4 42. Qc3+ Kb5 43. Ba5+)
42. Qc7+ Nc6 (42... Kd4 43. Qb6+ Ke5 44. Qxf2) 43. Rc1+ Kd4 44. Qb6+ Ke5 45.
Qxf2) 41... Kb6 42. Be1 Qf1+ 43. Kh2 Qd3 44. Qb2+ $11 ({Eneste vinsttrekk er} 
44. Qd7 $18) 44... Qb5 45. Bf2+ d4 46. Qa2 Ka6 $4 {Den siste og avgjørende
feilen.} ({Svart har en liten fordel på -0.4 etter} 46... Qd5 $15) 47. Qxe6 Ka5
48. Rxc6 Qh5+ 49. Kg1 f3 50. Be1+ Ka4 51. Qc4+ Kxa3 52. Qb4+ Ka2 53. Rc2+ 1-0

[Event "Høstturneringen 2016 (Follo 20 år)"]
[Site "Ås, Akershus NOR"]
[Date "2016.09.29"]
[Round "4"]
[White "Brenden, Torbjørn"]
[Black "Lea, Per"]
[Result "0-1"]
[WhiteElo "1417"]
[BlackElo "1533"]
[Annotator "Lea, Per"]
[PlyCount "121"]
[EventDate "2016.09.01"]

1. e4 e5 2. Nf3 Nc6 3. Bb5 a6 4. Ba4 Nf6 5. d3 {I svartspillerens grønne
ungdom (enn skjønt: på den tida var film og TV stort sett i svart/hvitt, så
ungdommen var kanskje heller grå?) rokerte hvit i ca 99 av 100 tilfeller, og
så lirte man av seg en teorivariant i lukket spansk som endte remis etter 35
trekk. Men denslags tilfredsstiller ikke dagens toppspillere: nå spiller alle
- i hvert fall alle med hår på brøstet - all verdens gammelmodige
oppstillinger som for 50 år siden ga deg stempel som nybegynner. Og det beste:
denne hår-på-brøstet-innstillinga smitter over på vanlige klubbspillere og kan
bidra til nesten like fargerike partier som det stormesterne presterer.} d6 {
Svart må passe seg å unngå helt mekaniske standardtrekk, siden e4-bonden nå er
gardert, kan hvit vinne en bonde ved å bytte på c6 og deretter slå på e5.} 6.
h3 {Kan virke unødvendig forsiktig. I noen spanske varianter regnes det som
ganske ufarlig med en svart løper på g4 hvis hvit ikke har spilt d2-d4.} Be7 7.
O-O O-O ({Det er mulig} 7... b5 8. Bb3 Na5 {er en bedre plan, og som muligens
kunne medført en overgang til mer kjente varianter.}) 8. c3 b5 9. Bc2 {
Sammenliknet med mange andre varianter tjener hvit et tempo her, siden han
kommer til c2 i ett trekk. Men det er jo et spørsmål om den står best der,
eller den bør peke inn mot f7 så lenge som mulig.} Bb7 10. Re1 Re8 11. Bg5 ({
I praksis er trekk som} 11. a4) (11. d4) (11. Nbd2 {mer spilt, men det var nok
ingen av oss klar over under partiet.}) 11... Nd7 {Svart vil gjerne ha vekk
løperen, men det var jo aldri noen rell binding der.} 12. Bxe7 (12. Be3 {er
kanskje bedre, siden de lette svarte offiserene står litt klumpete.}) 12...
Qxe7 13. Nbd2 {Begynnelsen på en klassisk spansk manøver: springeren fra
b1-d2-f1-g3-f5 eller b1-d2-f1-e3-d5/f5. I en såpass lukket stilling er det
helt OK med en "lang" manøver. Derfor gjør da også svart det samme.} Nd8 14.
Nf1 Ne6 15. Ng3 Nf4 16. Kh2 g6 {Skummelt, nå er det jo ikke lenger en løper
som kan sette seg på g7. Men svart er villig til å betale en ganske høy pris
for å hindre den hvite springeren å komme til f5.} 17. Qd2 Nf6 18. a4 Kg7 {
"Fianchetto-konge"?} (18... c5 {som svart også vurderte, er sannsynligvis et
bedre valg. Men svarts største redsel er å få en hvit dronning på h6, og det
er nå foreløpig unngått.}) 19. b3 c5 20. axb5 (20. b4) (20. d4 {er to
interessante alternativer}) 20... axb5 21. c4 {Hvit er i ferd med å plassere
alle sine bønder på hvite felter - hvilket skulle vise seg å være ganske
skjebnesvangert. Men det var kanskje ikke så lett å forutse det akkurat her.
Svarts løper på b7 er jo heller ingen dominerende kraft i denne stillingen.} b4
{For første gang i partiet angir Stockfish en fordel -tilsvarende nesten en
bonde - for svart.} 22. Nf1 Rxa1 (22... Qd7 {for å presse litt mot h3 er en
smule bedre.}) 23. Rxa1 Ra8 24. Rxa8 Bxa8 25. Ne3 {Svart vil ha med løperen i
presset mot h3. Men hvit fikk aldri noen problemer med å stå i mot alle forsøk
på skinnoffer på g2 eller h3.} Bb7 ({En annen plan kunne være} 25... Qa7 {for
å yppe seg via a2 eller a1, men det ser vel egentlig ikke så veldig
avskrekkende ut.}) 26. Qc1 Bc8 27. Ng1 Qd7 28. Qf1 Qa7 {Nå var i hvert fall h3
dekket så godt at det må være bedre å prøve andre jaktmarker.} 29. Qb1 Ne6 30.
Ne2 Qd7 31. Qa1 {Nå er det hvit som kanskje har tenkt seg til a8 for yppe seg.}
Nd4 32. Nxd4 {Er en dobbeltbonde sterk eller svak her?} ({Sterk i følge
Stockfish, som anbefaler} 32. Bd1) 32... exd4 {Å slå med c-bonden medfører en
mulig svakhet på b4.} 33. Nd5 Nxd5 34. exd5 Qe7 35. Qf1 Qe5+ 36. Kg1 Qg5 37.
Kh2 $2 ({En langt sterkere måte å avverge løperinnslaget på h3, ville være} 37.
f4 {som svart ikke hadde sett. Men Stockfish påstår igjen at svart i praksis
ligger ca en bonde over, etter at halvparten av svarts fordel etter trekk 21
gradvis ble gjenerobret.}) 37... Qd2 38. Bd1 Bf5 39. Qe2 (39. Be2 g5 (39... Qc3
$2 {ser fristende ut (og inngikk i svarts planer), men strander på} 40. g4 {og
hvit unngår bondetap.}) 40. f4 gxf4 41. Qf3 Bg6 {taper også enbonde, men
hindrer i hvert fall at svart blir sittende igjen med en fribonde.}) 39... Qxd3
40. Qxd3 Bxd3 41. f3 Bb1 42. Kg3 Kf6 (42... d3 43. Kf2 Bc2 44. Ke1 {fører ikke
til den raske avslutningen som svart trodde, siden hvits konge kommer tidsnok
til unnsetning. At svart etter sitt 41. trekk forsynte seg med en kopp
velfortjent kaffe var derfor litt overilt (svart pleier aldri å gjøre dette
før stillingen er vunnet...) I ettertid "ser" allikevel Stockfish at denne
stillingen er vunnet, basert på at svarts konge før eller siden trenger inn i
den hvite stillingen og begynner å forsyne seg med bønder. Men det er ikke
nødvedigvis så lett for oss som hører hjemme i klasse 2 å se,}) 43. Kf2 (43. f4
Kf5 44. Kf3 Be4+ 45. Kg3 h5 {er et litt bedre forsøk, men det skal ikke holde.
Og svart er (som vanlig) i begynnende tidsnød, selv om 30-sekundersbonusen
hjalp bra.}) 43... Ke5 (43... d3 44. Ke1 Bc2 45. Bxc2 dxc2 46. Kd2 Ke5 47. Kxc2
Kf4 {er en enklere vei til målet.}) 44. g3 g5 45. Ke2 {En unøyaktighet.} d3+ (
45... Bf5 46. g4 Bb1 47. Kd2 Kf4 {er enklere.}) 46. Ke3 Bc2 47. f4+ gxf4+ 48.
gxf4+ Kf6 49. Bf3 Kg6 ({Bedre:} 49... Bxb3 50. Kxd3 Ba2 51. Bg4 Bb1+ 52. Kd2
Bf5) 50. Be4+ f5 51. Bxd3 Bxb3 (51... Bxd3 $1 52. Kxd3 Kh5 {var enda mer
overbevisnde, materiell likhet og bønder mot hverandre i samme linjer til
tross. Men h-bonden faller og med den partiet.}) 52. Kd2 Ba4 {Enda en
unøyaktighet.} (52... Kh5 53. Bxf5 Bxc4 54. Bxh7 (54. Be6 Bf1) 54... Bxd5) 53.
Be2 Kh6 54. Kd3 Be8 55. Kc2 (55. Ke3 Bh5 56. Bd3 Bg6 57. Be2 {og svart får det
ikke så lett allikevel}) 55... Bh5 56. Bd3 Kg6 57. Kd2 Bf3 58. Ke3 Be4 {Gir
bort en bonde, men får igjen med renter} 59. Bxe4 fxe4 60. Kxe4 b3 $4 (60... h6
{er den raskeste veien til vinst - matt i 23 trekk. Men begge "glemmer" å
telle; svart får IKKE dronning lenge før hvit.}) 61. Kd3 $4 {... og hvit ga
samtidig opp - i remisstilling. Vi får skylde på at det var blitt seint på
kvelden, og at begge var trøtte.} 0-1

[Event "Høstturneringen 2016 (Follo 20 år)"]
[Site "Ås, Akershus NOR"]
[Date "2016.10.15"]
[Round "4"]
[White "Lange, Holger"]
[Black "Rønbeck, Bjørn"]
[Result "1-0"]
[WhiteElo "1624"]
[BlackElo "1122"]
[Annotator "Lange,Holger"]
[PlyCount "71"]
[EventDate "2016.09.01"]

1. e4 e5 2. Nf3 Nc6 3. d4 exd4 4. Bc4 h6 5. Nxd4 Nxd4 6. Qxd4 Qf6 7. Qd3 Qg6 8.
O-O Bc5 9. Nc3 Ne7 10. Bf4 c6 11. a4 (11. Na4 Bb6 12. Nxb6 axb6 13. Bd6 b5 14.
Bb3 $18) 11... a5 12. Rad1 O-O 13. Bg3 $6 (13. Bd6 Bxd6 14. Qxd6 Qxd6 15. Rxd6
{med stor fordel for hvit}) 13... Rd8 14. Bc7 Re8 15. Kh1 {Fritz liker ikke
planen med å spille f4 og mener det er likt nå. Men for meg var det åpenbart
at man kommer videre med angrep på denne måten.} Kh8 16. Bg3 Ng8 17. f4 Qd6 $4
{Kritisk stilling i partiet! Svart må forsøke} (17... d5 $1 18. f5 Qh5 (18...
dxc4 $2 19. Qxc4 Qg5 20. Qxc5 $18) 19. exd5 Re3 20. Qd2 Rxg3 {og svart spiller
fortsatt}) 18. Qxd6 Bxd6 19. Rxd6 b6 20. Bxf7 Rf8 21. Bc4 Ra7 22. e5 Ne7 23.
Bd3 Rd8 24. Bh4 Re8 25. f5 Ng8 26. Re1 Rf8 27. g4 Rc7 28. Ne2 Bb7 29. Nf4 {alt
håp er ute for svart} Re8 30. Rf1 c5+ (30... Rxe5 $2 31. Ng6+) 31. Kg1 Bc6 32.
b3 Rb8 33. Ng6+ Kh7 34. f6 gxf6 35. exf6 Re8 36. f7 {Matt i 5 trekk. Svart ga
opp.} 1-0

[Event "Høstturneringen 2016 (Follo 20 år)"]
[Site "Ås, Akershus NOR"]
[Date "2016.10.15"]
[Round "4"]
[White "Simonsen, Steinar"]
[Black "Thowsen, Alf Geir"]
[Result "0-1"]
[WhiteElo "1272"]
[BlackElo "1161"]
[PlyCount "74"]
[EventDate "2016.09.01"]

1. e4 c5 2. Nf3 Nc6 3. d4 cxd4 4. Nxd4 Nxd4 5. Qxd4 d6 6. Bb5+ Bd7 7. Bxd7+
Qxd7 8. O-O e5 9. Qd3 Nf6 10. Nc3 a6 11. Bg5 Be7 12. Nd5 Nxd5 13. Qd2 Nf6 14.
Rfe1 O-O 15. Rad1 Rfd8 16. Re3 Rac8 17. f4 h6 18. Bxf6 Bxf6 19. Rf3 Qc6 20. Rc3
Qb6+ 21. Kh1 Rxc3 22. bxc3 exf4 23. Qxf4 Be5 24. Qh4 Rd7 25. Qg4 Rc7 26. Rf1
Bxc3 27. Qh4 Rd7 28. Qh3 Qb5 29. Rd1 Rc7 30. Qg3 Be5 31. Qf2 Qc5 32. Qh4 Bf6
33. Qg3 Qe5 34. Qd3 Rc3 35. Qe2 Qc5 36. Qd2 Rxc2 37. Qf4 Qf2 0-1

[Event "Høstturneringen 2016 (Follo 20 år)"]
[Site "Ås, Akershus NOR"]
[Date "2016.09.29"]
[Round "4"]
[White "Fuglseth, Jan"]
[Black "Bakken, Svein-Erik"]
[Result "1-0"]
[WhiteElo "1478"]
[BlackElo "1347"]
[Annotator "Fuglseth, Jan"]
[PlyCount "49"]
[EventDate "2016.09.01"]

1. Nf3 d5 2. c4 dxc4 3. Na3 Nf6 4. Nxc4 e6 5. g3 Be7 6. Bg2 O-O 7. O-O c5 8.
Nfe5 Nd5 9. d4 cxd4 10. Qxd4 {Stillingen er helt lik og finnes i tre partier
på Chessbase. Alle tre fortsatte med f6} Bf6 11. Qd3 b5 12. Ne3 Bb7 13. N3g4 a6
14. Qc2 Nb4 15. Qb3 {Hvit fikk en visjon om et angrep i g-linjen} Bxg2 16. Kxg2
N8c6 17. Nxf6+ gxf6 18. Nxc6 Nxc6 19. Bh6 Re8 20. Rfd1 Qc7 21. Rac1 Qb7 22. Qf3
Nd8 23. e4 Kh8 24. Qxf6+ Kg8 25. Qg7# 1-0

[Event "Høstturneringen 2016 (Follo 20 år)"]
[Site "Ås, Akershus NOR"]
[Date "2016.09.29"]
[Round "4"]
[White "Sandvik, Sander"]
[Black "Midtgard, Anders"]
[Result "1-0"]
[WhiteElo "1127"]
[BlackElo "1105"]
[PlyCount "89"]
[EventDate "2016.09.01"]

1. e4 c5 2. Nc3 Nc6 3. g3 g6 4. Bg2 Bg7 5. f4 e6 6. Nf3 Nge7 7. O-O O-O 8. d3
d6 9. Ne2 f5 10. c3 b5 11. exf5 exf5 12. Qb3+ Kh8 13. Qxb5 Qb6 14. Qa4 c4+ 15.
d4 Ng8 16. Ng5 Bb7 17. Qxc4 Ba6 18. Qxc6 Bxe2 19. Qxb6 axb6 20. Bxa8 Bxf1 21.
Kxf1 h6 22. Ne6 Rxa8 23. Nxg7 Kxg7 24. Ke2 Nf6 25. Be3 b5 26. Kd3 d5 27. b3 Rc8
28. a4 Ne4 29. Bd2 bxa4 30. Rxa4 Rc6 31. Ra5 Nf6 32. c4 Rb6 33. b4 Ne4 34. Rxd5
Nxd2 35. Kxd2 Rxb4 36. Kc3 Rb1 37. Rb5 Re1 38. Re5 Ra1 39. Re2 Rc1+ 40. Kb4
Rb1+ 41. Kc5 Rb7 42. d5 Kf7 43. d6 Rb1 44. Kc6 g5 45. d7 1-0

[Event "Høstturneringen 2016 (Follo 20 år)"]
[Site "Ås, Akershus NOR"]
[Date "2016.09.29"]
[Round "4"]
[White "Bø, Martin"]
[Black "Samset, Jon"]
[Result "1-0"]
[WhiteElo "1191"]
[BlackElo "1077"]
[PlyCount "47"]
[EventDate "2016.09.01"]

1. d4 g6 2. e4 d6 3. Nc3 Bg7 4. f4 b6 5. Nf3 Nf6 6. Bd3 O-O 7. e5 dxe5 8. dxe5
Nd5 9. Be4 Nxc3 10. Qxd8 Rxd8 11. Bxa8 Rd1+ 12. Kf2 Rxh1 13. bxc3 c6 14. h3 Ba6
15. Ng1 g5 16. Be3 h5 17. Rd1 g4 18. Rd8+ Kh7 19. Rxb8 gxh3 20. Nxh3 h4 21. Ng1
Bb5 22. Rc8 c5 23. Be4+ Kh6 24. f5+ 1-0